| 000 | 00431ntaaa2200181 4500 | ||
|---|---|---|---|
| 003 | 01 | ||
| 005 | 20251027201650.0 | ||
| 008 | 0714s1973 ag 01 | ||
| 040 |
_aAR-BaBN _bspa _cAR-BaBN _eaacr _dRIC |
||
| 082 | _a232.9000 H55 | ||
| 100 | _aHill, William Bancroft | ||
| 245 | _aLa vida de Cristo | ||
| 250 | _a1 ed. | ||
| 260 |
_aNashville : _bImprenta Cokesbury, _c1927 |
||
| 300 | _a435 p | ||
| 650 | _aJesucristo | ||
| 942 | _cBK | ||
| 999 |
_c11377 _d11377 |
||